000 00930nam a22003370a 4500
001 PT36324
003 AR-LpoUNG
005 20260115111752.0
008 201001s2010||||ag |||||||||||||||||spa d
020 _a9789876300681
_c$48.60
040 _aAR-LpoUNG
_bspa
_eaacr
041 0 _aspa
044 _aag
082 0 _a320.01 956tie
100 1 _aHunziker, Paula
_eed.
245 1 3 _aEl tiempo, la política y la historia
250 _a1ra. ed.
260 _aBuenos Aires :
_bUniversidad Nacional de General Sarmiento,
_c2010.
300 _a221 p. :
_btbls., gráfs.
490 0 _aHumanidades
650 4 _aANALISIS HISTORICO
650 4 _aCIENCIA POLITICA
650 4 _aFILOSOFIA
650 4 _aHISTORIA
650 4 _aHISTORIA POLITICA
653 0 _aHISTORICISMO
700 1 _aSmola, Julia
_eed.
905 _a36324
942 _cLIB
_2ddc
999 _c50662
_d50662